000 00620cam a22002051 4500
001 g 01001447
003 DLC
005 20260227111254.0
008 800425s1900 gw c 000 0 ger
010 _ag 01001447
035 _a(OCoLC)6247111
040 _aDLC
_cNSchU
_dDLC
042 _apremarc
050 0 0 _aPT2423.L3
_bZ44
100 1 _aLewald, Fanny,
_d1811-1889.
245 1 0 _aGefühltes und gedachtes (1838-1888)
_cvon Fanny Lewald, hrsg. von Ludwig Geiger.
260 _aDresden,
_aLeipzig,
_bH. Minden,
_c1900.
300 _axxv, 400 p.
_bfront. (port.)
_c21 cm.
700 1 _aGeiger, Ludwig,
_d1848-1919,
_eed.
999 _c23743
_d23743